| 000 | 00775cab a2200241 4500 | ||
|---|---|---|---|
| 001 | ABS48286 | ||
| 008 | 090401t1993 xxu||||| |||| 00| 0 eng d | ||
| 035 | _a(Sirsi) u65937 | ||
| 041 | _aeng | ||
| 100 | _aBar-Hillel, Mira | ||
| 245 | _aRecreational shopping | ||
| 260 | _c1993 | ||
| 350 | _a0 | ||
| 490 |
_aEstates Times _v(1180) 12 March 1993, 8(1) |
||
| 520 | _aReports on the lessons that can be learnt by UK and European developers from the success of Mall of America in Minneapolis which opened last summer and has been breaking records ever since. | ||
| 650 | _aRETAIL | ||
| 650 | _aSHOPPING CENTRES | ||
| 650 | _aUSA | ||
| 690 | _aPROPERTY-COMMERCIAL PROPERTY-RETAIL PROPERTY | ||
| 690 | _aOVERSEAS-NORTH AMERICA | ||
| 942 | _n0 | ||
| 948 | _c04/03/1997 | ||
| 999 |
_c41189 _d41189 |
||